Japón

Uloženo v:
Podrobná bibliografie
Hlavní autor: Blasco Ibáñez, Vicente (Autor)
Médium: Kniha
Jazyk:španělština
Vydáno: Madrid Gadir 2013
Vydání:1a. ed
Edice:Pequeña Biblioteca Gadir, Itacas
Témata:
Tagy: Přidat tag
Žádné tagy, Buďte první, kdo vytvoří štítek k tomuto záznamu!

MARC

LEADER 00000cam a2200000 a 4500
001 UCE9349
003 CL-VaPUC
008 151016e20130000sp |||||||||||||||||spa|d
020 |a 9788494146602 
082 0 4 |a 863  |b BLA  |2 21 
100 0 |a Blasco Ibáñez, Vicente  |e author  |9 362636 
245 1 0 |a Japón 
250 |a 1a. ed 
300 |a 193 p 
942 |c BK 
945 |d 20151016 11:50:00  |a arojas 
260 |a Madrid  |b Gadir  |c 2013 
650 0 |a Novelas españolas  |9 265052 
650 0 |a Literatura española  |9 306261 
583 |a last modification  |c 20151016 11:50:00  |k Rodrigo Vera 
490 0 |a Pequeña Biblioteca Gadir, Itacas 
999 |c 361018  |d 361016